000 00401nam a2200145Ia 4500
008 230917s9999||||xx |||||||||||||| ||und||
040 _e127472
_aMAIN
041 _aEnglish
082 _a343.0924 C393S
100 _aChauhan, B R
245 0 _aSettlement of international and inter state water disputes in India
260 _aBombay
_bN. M. Tripathi
_c1992
300 _axviii, 346 p.
942 _cBK
999 _c122370
_d122370